Top 30 FIFA 23 Spieler - Statistiken

Allgemein
  • Dieses Quiz wurde 681 mal gespielt
  • Das Durchschnittsergebnis liegt bei 18 aus 30
Antwortstatistiken
Bewertung Spieler % Korrekt
91 Messi
98%
90 Ronaldo
96%
91 Mbappe
94%
90 Neuer
91%
88 Haaland
87%
91 Lewandowski
85%
91 De bruyne
83%
89 Neymar
77%
91 Benzema
76%
88 Kroos
69%
89 Kane
68%
89 Kimmich
68%
90 Salah
68%
88 Modric
67%
90 Van Dijk
67%
89 Alisson
62%
89 Ederson
62%
89 Mane
62%
88 Ter Stegen
60%
90 Courtois
58%
89 Oblak
57%
89 Son
45%
89 Casemiro
43%
88 Donnarumma
42%
88 Dias
41%
89 Kante
37%
88 Silva
34%
88 Marquinhos
23%
88 Cancelo
15%
88 Navas
15%
Keine übereinstimmenden Quizze gefunden
Verteilung der Resultate
Anzahl Personen mit jedem Resultat
Perzentil nach korrekt beantworteten Fragen
Ihre Resultats-Entwicklung
Sie haben dieses Quiz noch nicht gespielt